00695cam a2200241 i 45000010005000000030008000050050017000130080039000300200016000690200021000850350018001060400032001240410008001560820020001641000019001842450076002032600049002793000024003285040032003525040020003846500026004046500023004303741BD-RjUL20211208233758.0131219r19821975enk b 001 0 eng a0333154029  a0333212975 (pbk) a(BD-RjUL)3775 aDLCcDLCdDLCdBD-RjULbeng aeng00a338.9bKAD 19821 aKay, Geoffrey.10aDevelopment and underdevelopment :ba Marxist analysis /cGeoffrey Kay. aLondon :bMacmillan,c1975 [Reprinted 1982]. ax, 194 p. ;c23 cm. aBibliography: p. [188]-189. aIncludes index. 0aEconomic development. 0aMarxian economics.